000
00321nam a2200109Ia 4500
008
240129s9999 xx 000 0 und d
100
_a
PATHAK, PRAVEENA
245
0
_a
KAINSAR ROG KE YOG AUR KAAL NIRDHAARAN JYOTISHEEY SANDARBH MEIN
260
_b
MEWAR UNIVERSITY, CHITTORGARH
_c
2021
650
_a
Astrology
942
_c
THE
999
_c
218966
_d
218966